00721nam a2200241 a 450000100060000000300080000600500170001400800410003103500190007204000320009104100080012308200220013110000190015324500870017226000380025930000260029750400360032350500320035965000200039165000160041170000370042770000150046466870BD-RjUL20211209081603.0720630s1969 ohua b 001 0 eng  a(BD-RjUL)67001 aDLCcDLCdDLCdBD-RjULbeng aeng00223a632bSTW 19691 aStapley, J. H.10aWorld crop protection /cJ H Stapley and F C H Gayne ; With foreword by Lee Ling. aLondon :bIliffe Books LTD,c1969 a v. :bill. ;c26 cm. aIncludes bibliography and index0 aV. 1. Pests and diseases -- 0aPlant diseases. 0aPesticides.1 aGayner, F. C. H.,ejoint author.1 a Ling, Lee